The art of Joan Brown (Record no. 27525)
[ view plain ]
| 000 -LEADER | |
|---|---|
| fixed length control field | 00404nam a2200157Ia 4500 |
| 005 - DATE AND TIME OF LATEST TRANSACTION | |
| control field | 20241022141957.0 |
| 008 - FIXED-LENGTH DATA ELEMENTS--GENERAL INFORMATION | |
| fixed length control field | 231207s9999 xx 000 0 und d |
| 020 ## - INTERNATIONAL STANDARD BOOK NUMBER | |
| International Standard Book Number | 9780520214699 |
| 040 ## - CATALOGING SOURCE | |
| Transcribing agency | NCA-PK |
| 082 ## - DEWEY DECIMAL CLASSIFICATION NUMBER | |
| Classification number | 709.2 |
| Item number | TSU |
| 100 ## - MAIN ENTRY--PERSONAL NAME | |
| Author Name | Tsujimoto, Karen |
| 245 #4 - TITLE STATEMENT | |
| Title | The art of Joan Brown |
| 260 ## - PUBLICATION, DISTRIBUTION, ETC. | |
| Name of publisher, distributor, etc. | University of California Press |
| Place of publication, distribution, etc. | Berkeley |
| Date of publication, distribution, etc. | 1998 |
| 300 ## - PHYSICAL DESCRIPTION | |
| Pages | xxxv, 272p.; ills |
| 942 ## - ADDED ENTRY ELEMENTS (KOHA) | |
| Koha item type | Book |
| 999 ## - | |
| -- | 27525 |
| -- | 27525 |
| Withdrawn status | Weedout from Library | Permanent Location | Current Location | Shelving location | Date acquired | Full call number | Barcode | Price effective from | Koha item type |
|---|---|---|---|---|---|---|---|---|---|
| NATIONAL COLLEGE OF ARTS, LAHORE - LIBRARY | NATIONAL COLLEGE OF ARTS, LAHORE - LIBRARY | General Section Ground Floor of Library | 08/12/2023 | 709.2 TSU 31984 | 31984 | 08/12/2023 | Book |